Ultimate Spider-Man: Members of the Sinister Six by Picture - Statistics

General Stats
  • This quiz has been taken 50 times
  • The average score is 11 of 12
Answer Stats
Picture Answer % Correct
Lizard/Curt Connors
100%
Electro/Max Dillon
95%
Kraven the Hunter/ Sergei Kravinoff
95%
Doctor Octopus/Otto Octavius
93%
Scorpion
93%
Iron Vulture/Adrian Toomes
91%
Rhino/Alex O'Hirn
91%
The Goblin/Norman Osborn
91%
Crossbones/Brock Rumlow
84%
Beetle/Abner Jenkins
82%
Scarlet Spider/Ben Reilly
82%
Hydro-Man/Morris Bench
77%
No matching quizzes found
Score Distribution
Percent of People with Each Score
Percentile by Number Answered
Your Score History
You have not taken this quiz